00342 2200145 4500001002100000005001500021035002000036245004600056100001800102300001100120260003100131082000800162084001400170990001200184INLIS00000000000200720250527084126 a0010-05250002991 aBerpikir Cepat :bkrisis /cpaul stratern0 apaul stratern a94 hlm ajakarta :bErlangga,c2006 a300 a300 PAU b a0713102